| 000 | 00556nam a2200193Ia 4500 | ||
|---|---|---|---|
| 005 | 20250508155001.0 | ||
| 008 | 008 250505s9999 xx 000 0 eng d | ||
| 037 | _aTextual | ||
| 040 |
_aFEDL _beng _cFEDL |
||
| 041 |
_aeng _2eng |
||
| 084 |
_a510, JEN _qFEDL |
||
| 100 |
_aJencks Stanley M _9766512 |
||
| 245 | 0 | _aBuilding mental imagery in mathematics | |
| 260 |
_aNew York, USA _bHolt, Rinehart and Winston _c1968 |
||
| 300 | _aiii,115p | ||
| 700 |
_a Peck Donald M _9766513 |
||
| 942 |
_cTEXL _h510, JEN |
||
| 999 |
_c1353278 _d1353278 |
||